000 00477nam a22001817a 4500
003 OSt
008 200714b ||||| |||| 00| 0 eng d
020 _a9788193891209
082 _a615.1901 CHT
100 _aChaluvaraju, K.C
245 _aText Book of Pharmaceutical Analysis Sem-1
250 _a1st
260 _aNew Delhi
_bPaging Publishers
_c2018
300 _a214
650 _aPharmaceutical Analysis and Quality Assurance
700 _aZaranappa
942 _2ddc
_cBK
999 _c8935
_d8935